Datum a čas kvízu

23.5 Celkem bodů Celkový počet nahraných bodů na tomto kvízu bez doplňovacích otázek.
13. Pořadí na kvízu Konečné umístění týmu na tomto kvízu.

Zaznamenané odpovědi

# Otázka Odpověď Body Výsledky
1. Vůz Škoda 1200 z roku 1955, pr... Jandera 0
2. Co neobvyklého přistálo ve čtv... C) kontejnerová loď 1
3. Ve středu a ve čtvrtek se před... John Malkovich 0
4. Při úklidu ve sklepeních Minis... Edvard Beneš 0
5. Jak se nazývá klub, který se v... Tottenham (Hotspur) 0
6. V tomto tématu se podíváme na... Robert Kennedy 0
7. Jak se jmenuje tento muž? Opět... Casey Affleck 1
8. Tentokrát nás zajímá příjmení... Hana Brejchová; Lásky jedné plavovlásky 0
9. Jak se jmenuje tento muž? Tent... Etzler; novinář 1
10. Napište jméno a příjmení tohot... Ralf Schumacher 1